Los fundamentos de las ondas eléctricas

-д хадгалсан:
Номзүйн дэлгэрэнгүй
Үндсэн зохиолч: Skilling, Hugh Hildreth (Зохиогч)
Формат: Ном
Хэл сонгох:испани
Хэвлэсэн: Buenos Aires Librería del Colegio 1960
Хэвлэл:3a. ed
Цуврал:Tratados técnicos
Нөхцлүүд:
Шошгууд: Шошго нэмэх
Шошго байхгүй, Энэхүү баримтыг шошголох эхний хүн болох!

MARC

LEADER 00000nam a2200000 a 4500
001 UCV6709
003 CL-VaPUC
008 930902e19600000AG |||||||||||||||||spa|d
082 0 4 |a 537.12  |b SKI  |2 21 
100 0 |a Skilling, Hugh Hildreth  |e author  |9 300760 
245 1 4 |a Los fundamentos de las ondas eléctricas 
250 |a 3a. ed 
300 |a 296 p 
942 |c BK 
945 |d 19930902 00:00:00 
260 |a Buenos Aires  |b Librería del Colegio  |c 1960 
650 7 |a ONDAS ELECTRICAS  |2 CL-VaPUC  |9 263642 
583 |a last modification  |c 20160104 00:44:22  |k Rodrigo Vera 
490 0 |a Tratados técnicos 
999 |c 212614  |d 212612 
952 |0 0  |1 0  |4 0  |6 537_120000000000000_SKI_1960  |7 0  |8 A  |9 193742  |a BIBING  |b BIBING  |d 2019-11-14  |i 2619024  |o 537.12 SKI 1960  |p 2619024  |r 2025-01-20  |w 2019-11-14  |y BK  |k EIE